00396nam a2200157Ia 4500003000900000008004100009040001600050080001500066100002000081245002600101260003400127300001000161650004100171650001800212650000800230IN-BaIIA211028s9999 xx 000 0 eng d cIIA Library a523.7bABE aAbetti, Giorgio 4aThe suncG. Abetti.  aLondonbFaber and Faberc1955 a336p. aAstronomy and Astrophysics Thesaurus aSolar Physics aSun